000 00765nam a2200205Ia 4500
005 20241216011326.0
008 190429s9999||||xx |||||||||||||| ||und||
082 _a618.9201
_bD36
100 _aDE LA TORRES QUISPE ELVIS FELIX, ROJAS PAUCAR BLANCA ANGELICA
245 0 _aFACTORES DE RIESGO QUE INFLUYEN PARA QUE ELRECIEN NACIDO SEA PEQUEÑO PARA LA EDAD GESTACIONAL EN EL HOSPITAL FELIX MAYORCA SOTO - TARMA - ENERO - JULIO - 2007
250 _a0
260 _aCERRO DE PASCO-PERU
_bUNDAC
_c2008
300 _a57 pag.
_c30 cm.
341 _h0
490 _v0
_a0
505 _aINTRODUCCION/MATERIAL/METODOS/RESULTADOS/DISCUSION/CONCLUSIONES/RECOMENDACIONES
541 _aD
_bDE LA TORRE QUISPE, E.
_d03-Dec-08
_oSoles
650 _aObstetricia
942 _cTESIS
999 _c38805
_d38805